000 00635nam a2200217Ia 4500
005 20250508160921.0
008 008 250505s9999 xx 000 0 eng d
020 _a0-03-089398-4
037 _aTextual
040 _aFEDL
_beng
_cFEDL
041 _aeng
_2eng
084 _a428.3, WIL
_qFEDL
100 _aWillis Hulon
_946650
245 0 _aBasic usage, vocabulary and composition
250 _a2
260 _aNew York, USA
_bHolt, Rinehart and Winston
_c1975
300 _ax,340p
546 _aLesson on usage reading selections writing assignments
942 _cTEXL
_h428.3, WIL
999 _c1367380
_d1367380